| 000 | 00454nam a2200181Ia 4500 | ||
|---|---|---|---|
| 001 | 14869 | ||
| 005 | 20260306164946.0 | ||
| 008 | 260306t1993||||xx |||||||||||||| ||spa|| | ||
| 041 | _aESP | ||
| 082 |
_a519.5 _bF41 T. 2 |
||
| 100 |
_aFernández Chavesta, Juan _eAUT |
||
| 245 | 0 |
_aEstadística aplicada: _btécnicas para la investigación |
|
| 260 | _c1993 | ||
| 300 |
_aT. 2 _c20 cm. |
||
| 650 | _aGEN | ||
| 654 | _aCMA | ||
| 942 |
_cLIB _dJUS _fJUS _2ddc _n |
||
| 999 |
_c14869 _d14869 |
||